Guías de procedimientos para la presentación de proyectos educativos

A través de una guía de procedimientos para la presentación de proyectos se busca que la educación sea el eje del desarrollo económico, político y social del país, así como el medio para difundir el progreso científico y tecnológico, y construir ética.

Guardat en:
Dades bibliogràfiques
Autor corporatiu: Colombia. Ministerio de Educación Nacional, Fondo de Cofinanciación para la Inversión Social
Format: Llibre
Idioma:Spanish
Publicat: Bogotá: Ministerio de Educación Nacional, 1995
Edició:1
Col·lecció:Serie guías
Matèries:
Accés en línia:Enlace del recurso
Etiquetes: Afegir etiqueta
Sense etiquetes, Sigues el primer a etiquetar aquest registre!

MARC

LEADER 00000nam a2200000 a 4500
001 001185
008 030616s1995 ck # fr# o000|0#spa#d
020 |a 958-9402-23-2 
041 0 |a spa 
043 |a s-ck--- 
082 0 4 |a 371.2  |b C545g 
110 1 |a Colombia.  |b Ministerio de Educación Nacional 
245 1 0 |a Guías de procedimientos para la presentación de proyectos educativos   |c Ministerio de Educación Nacional; Fondo de Cofinanciación para la Inversión Social 
250 |a 1 
260 |a Bogotá:  |b Ministerio de Educación Nacional,  |c 1995 
300 |a 173 p. en distintas paginaciones:  |b il., tabl. 
440 0 |a Serie guías 
520 3 |a A través de una guía de procedimientos para la presentación de proyectos se busca que la educación sea el eje del desarrollo económico, político y social del país, así como el medio para difundir el progreso científico y tecnológico, y construir ética. 
650 1 4 |a PLANIFICACIÓN EDUCACTIVA  |z COLOMBIA 
650 1 4 |a ADMINISTRACIÓN ESCOLAR 
710 2 |a Fondo de Cofinanciación para la Inversión Social 
999 |c 3337  |d 3337 
856 |u https://catalogo.idep.edu.co/cgi-bin/koha/opac-detail.pl?biblionumber=3337  |z Enlace del recurso